Teoria de la imagen (Registro nro. 95812)

Detalles MARC
001 - NÚMERO DE CONTROL
campo de control 242734
005 - FECHA Y HORA DE LA ÚLTIMA TRANSACCIÓN
campo de control 20260506081943.0
008 - DATOS DE LONGITUD FIJA--INFORMACIÓN GENERAL
campo de control de longitud fija 980721s1973 spa
020 ## - NÚMERO INTERNACIONAL ESTÁNDAR DEL LIBRO
Número Internacional Estándar del Libro 8434573873
035 ## - NÚMERO DE CONTROL DEL SISTEMA
Número de control de sistema 242734
035 ## - NÚMERO DE CONTROL DEL SISTEMA
Número de control de sistema (OCoLC)777716397
040 ## - FUENTE DE LA CATALOGACIÓN
Centro/agencia transcriptor comduadb
041 ## - CÓDIGO DE LENGUA
Código de lengua del texto/banda sonora o título independiente spa
082 #4 - NÚMERO DE LA CLASIFICACIÓN DECIMAL DEWEY
Número de clasificación 301
100 10 - ENTRADA PRINCIPAL--NOMBRE DE PERSONA
Nombre de persona Burk, Ignacio
Código de función aut
Término indicativo de función/relación Autor/a
9 (RLIN) 493644
245 10 - MENCIÓN DE TÍTULO
Título Teoria de la imagen
260 ## - PUBLICACIÓN, DISTRIBUCIÓN, ETC.
Lugar de publicación, distribución, etc. Barcelona :
Nombre del editor, distribuidor, etc. Salvat,
Fecha de publicación, distribución, etc. 1973.
300 ## - DESCRIPCIÓN FÍSICA
Extensión 142 páginas :
Otras características físicas ilustraciones
490 0# - MENCIÓN DE SERIE
Mención de serie Biblioteca Salvat de Grandes Temas ;
Designación de volumen o secuencia 29
650 #7 - PUNTO DE ACCESO ADICIONAL DE MATERIA--TÉRMINO DE MATERIA
Término de materia o nombre geográfico como elemento de entrada Comunicación
Fuente del encabezamiento o término embne
9 (RLIN) 1550
700 10 - ENTRADA AGREGADA--NOMBRE PERSONAL
Nombre de persona Galvez y Fuentes, Alvaro
Código de función aut
Término indicativo de función/relación Autor/a
9 (RLIN) 283572
700 #0 - ENTRADA AGREGADA--NOMBRE PERSONAL
Nombre de persona Laín Entralgo, Pedro,
Fechas asociadas al nombre 1908-2001
Código de función aut
Número de control del registro de autoridad o número normalizado (isni)0000 0001 0931 133X
-- (viaf)108328947
Término indicativo de función/relación Autor/a
9 (RLIN) 316407
942 ## - ELEMENTOS DE ENTRADA AGREGADA (KOHA)
Tipo de ítem Koha Libros
Existencias
Estado de retiro Estado de pérdida Fuente del sistema de clasificación o colocación Estado dañado No para préstamo Código de colección Localización permanente Ubicación/localización actual Fecha de adquisición Fuente de adquisición Forma de adquisición Coste, precio normal de compra Número de inventario Total de préstamos Signatura topográfica completa Código de barras Fecha visto por última vez Número de copia Precio válido a partir de Tipo de ítem Koha
    Clasificación Decimal Dewey     Colección General Biblioteca Campus El Carmen de Viboral Biblioteca Campus El Carmen de Viboral 17/03/2017 Material adquirido por donación Donación 27000.00 C1259751   301.161 T314 1029590 22/04/2023 1 22/04/2023 Libros